000
00282nam a2200097Ia 4500
001
653748
005
20250826154504.0
008
250824s9999 xx 000 0 und d
245
0
_a
MİNİK İZCİLER- 4 KUŞKULAR VE DİNOZOR KEMİKLERİ
_c
JUDY DELTON
260
_b
GÜNIŞIĞI YAYINLARI
999
_c
653748
_d
653748